| 000 | 00530nam a2200181 i 4500 | ||
|---|---|---|---|
| 003 | OSt | ||
| 005 | 20150318145820.0 | ||
| 008 | 020226s2004 esp 0011 spa d | ||
| 020 | _a84-413-2053-5 (V. 1) | ||
| 040 | _cBMC | ||
| 082 | _a863 | ||
| 100 | 1 |
_963 _aCervantes Saavedra, Miguel _d1547-1616 |
|
| 245 | 1 | 3 |
_aEl ingenioso hidalgo don Quijote de la Mancha _cMiguel de Cervantes Saavedra |
| 260 |
_a[Madrid] _bFolio _ccop. 2004 |
||
| 300 |
_a318 p. _c18 cm |
||
| 650 | 2 | 4 |
_929289 _aNovela espaƱola |
| 942 |
_2ddc _cBK _hahoj |
||
| 999 |
_c19697 _d19697 |
||